01955cam a22001458i 4500020001800000082001900018245011500037260003300152300001600185504005100201520145400252650004601706700002901752700002801781 a978103206731500a338.04095bASI00aAsia's social entrepreneurs :bdo well, do good... do sustainably /cedited by Howard Thomas and Havovi Joshi. aNew York :bRoutledge,c2022 axii, 148 p. aIncludes bibliographical references and index. a"Social enterprises of all forms drive inclusive growth by creating social and economic networks, and a stable ecosystem, that enable societies to grow and prosper. This book presents a collection of ten case studies that demonstrate the important role played by social enterprises in driving inclusive growth in Asia's economies. Unlike the traditional models, such as NGOs and charities that are donor-dependent for funding, a social enterprise is a hybrid business model that includes both social mission and revenue generation goals to ensure sustainability and self-reliance. The ten case studies in the book provide a ring-side view of how social enterprises operate and evolve to create, sustain and scale up their social impact. The readers will gain a practical understanding of how social entrepreneurs struggle to maintain a balance between their two seemingly contradictory goals of creating social value and generating economic returns. The book carries the readers on the journey of each of these ten social enterprises, offering unique and valuable insights into the motivations, tribulations, successes, and even failures of these organisations-critical for continued learning, contribution and innovation in the domain. The book is appropriate for all readers interested in the role social entrepreneurship plays in stimulating economic growth in Asia, including organisations, government and universities, as well as individuals"-- 0aSocial entrepreneurshipzAsia.xEconomics1 aThomas, Howard,eeditor.1 aJoshi, Havovi,eeditor.